| 000 | 00697cab a2200229 4500 | ||
|---|---|---|---|
| 001 | WB2843-06 | ||
| 008 | 090401t1992 xxu||||| |||| 00| 0 eng d | ||
| 035 | _a(Sirsi) u55129 | ||
| 041 | _aeng | ||
| 245 | _aStone cladding gives concern | ||
| 260 | _c1992 | ||
| 350 | _a0 | ||
| 490 |
_aBuilding _v257(7769) 6 November 1992, 12(1) |
||
| 520 | _aDefects of thin stone cladding, marble or travertine, have been reported in the UK, where such cladding has only become popular in the ten years. | ||
| 650 | _aBS 8298 | ||
| 650 | _aBUILDING DEFECTS | ||
| 650 | _aCLADDING | ||
| 650 | _aSTONE CLADDING | ||
| 690 | _aBUILT ENVIRONMENT-BUILDING MATERIALS | ||
| 942 | _n0 | ||
| 948 | _c04/03/1997 | ||
| 999 |
_c33700 _d33700 |
||